Nghiên cứu ứng dụng dữ liệu vệ tinh Sciamachy/Envisat theo dõi xu hướng phát thải khí cacbon dioxide (Co2) khu vực Đông Nam Á Việt Nam và các đồng bằng sông Cửu Long từ năm 2003 đến năm 2009 : Luận văn thạc sĩ chuyên ngành Quản lý đất đai

Đề tài nhằm đánh giá xu hướng phát thải và sự phân bố của khí CO2 trong khu vực Đông Nam Á, Việt Nam và đồng bằng sông Cửu Long từ năm 2003 đến năm 2009. Đánh giá khả năng ứng dụng của vệ tinh ENVISAT mà cụ thể là bộ nhạy cảm SCIAMACHY trong...

全面介绍

Đã lưu trong:
书目详细资料
主要作者: Nguyễn, Khắc Phương
格式: 图书
语言:Undetermined
出版: Cần Thơ Trường Đại học Cần Thơ 2012
主题:
标签: 添加标签
没有标签, 成为第一个标记此记录!
Thư viện lưu trữ: Trung tâm Học liệu Trường Đại học Cần Thơ
LEADER 01458nam a2200229Ia 4500
001 CTU_178435
008 210402s9999 xx 000 0 und d
082 |a 631.40285 
082 |b Ph561 
088 |a 606216 
100 |a Nguyễn, Khắc Phương 
245 0 |a Nghiên cứu ứng dụng dữ liệu vệ tinh Sciamachy/Envisat theo dõi xu hướng phát thải khí cacbon dioxide (Co2) khu vực Đông Nam Á Việt Nam và các đồng bằng sông Cửu Long từ năm 2003 đến năm 2009 : 
245 0 |b Luận văn thạc sĩ chuyên ngành Quản lý đất đai 
245 0 |c Nguyễn Khắc Phương ; Võ Quang Minh, Phan Kiều Diễm (Hướng dẫn khoa học) 
260 |a Cần Thơ 
260 |b Trường Đại học Cần Thơ 
260 |c 2012 
520 |a Đề tài nhằm đánh giá xu hướng phát thải và sự phân bố của khí CO2 trong khu vực Đông Nam Á, Việt Nam và đồng bằng sông Cửu Long từ năm 2003 đến năm 2009. Đánh giá khả năng ứng dụng của vệ tinh ENVISAT mà cụ thể là bộ nhạy cảm SCIAMACHY trong việc quan sát khí CO2 theo không gian và thời gian. 
650 |a Khoa học đất,Soil science 
904 |i Thái 
910 |a Nguyên 
980 |a Trung tâm Học liệu Trường Đại học Cần Thơ